Nature´s Building An A-Z Guide to the Elements

Salvato in:
Dettagli Bibliografici
Autore principale: Emsley, John
Natura: Libro
Lingua:inglese
Pubblicazione: Oxford Oxford University Press 2003
Accesso online:Visualizza in OPAC
Tags: Aggiungi Tag
Nessun Tag, puoi essere il primo ad aggiungerne!!

MARC

LEADER 00000nam a2200000 a 4500
005 20260127134013.0
008 060406 2003 enk 000 0 eng d
020 |a 0198503407 
035 |a vtls008688971 
039 9 |y 200604061113  |z mschk03 
040 |a STUSCHK1  |b slo  |c STUSCHK1  |e AACR2 
080 |a 546 
100 1 |a Emsley, John 
245 1 |a Nature´s Building  |b An A-Z Guide to the Elements 
260 |a Oxford  |b Oxford University Press  |c 2003 
300 |a 538 p. 
910 |a SCHK95 
919 |a 0-19-850340-7 
999 |c 1916  |d 1916